[Event "Oberliga Nord O 2324"]
[Site "Germany"]
[Date "2024.02.04"]
[Round "5.6"]
[White "Silz, Elisa"]
[Black "Uhl, Heinz"]
[Result "0-1"]
[WhiteElo "1947"]
[BlackElo "2116"]
[PlyCount "62"]
[EventDate "2023.10.22"]
[EventType "team-tourn"]
[EventRounds "9"]
[EventCountry "GER"]
[SourceTitle "EXT 2025"]
[Source "ChessBase"]
[SourceDate "2024.10.14"]
[SourceVersion "1"]
[SourceVersionDate "2024.10.14"]
[SourceQuality "1"]
[WhiteTeam "Berlin Empor"]
[BlackTeam "Berlin Weisse Dame"]
[WhiteTeamCountry "GER"]
[BlackTeamCountry "GER"]

1. d4 Nf6 2. Nf3 c5 3. d5 e6 4. Nc3 exd5 5. Nxd5 Nxd5 6. Qxd5 Be7 7. e4 d6 8. Bb5+ Nd7 9. 0-0 0-0 10. a4 Nf6 11. Qd3 d5 12. exd5 Qxd5 13. Re1 Bd8 14. Bf4 Ba5 15. c3 Qxd3 16. Bxd3 Be6 17. Ng5 Bb3 18. Be5 Rfd8 19. Bb1 Rd2 20. Bxf6 gxf6 21. Ne4 Rxb2 22. Nxf6+ Kg7 23. Nxh7 Bxc3 24. Rf1 f6 25. Bf5 Bc2 26. Ra3 Bxf5 27. Rxc3 Kxh7 28. Rxc5 Bc2 29. Rc7+ Kg6 30. g4 Bxa4 31. Re1 Re8 0-1

[Event "Oberliga Nord O 2324"]
[Site "Germany"]
[Date "2023.11.19"]
[Round "2.7"]
[White "Szylko, Waldemar"]
[Black "Uhl, Heinz"]
[Result "1-0"]
[WhiteElo "1897"]
[BlackElo "2116"]
[PlyCount "142"]
[EventDate "2023.10.22"]
[EventType "team-tourn"]
[EventRounds "9"]
[EventCountry "GER"]
[SourceTitle "EXT 2025"]
[Source "ChessBase"]
[SourceDate "2024.10.14"]
[SourceVersion "1"]
[SourceVersionDate "2024.10.14"]
[SourceQuality "1"]
[WhiteTeam "Forst"]
[BlackTeam "Berlin Weisse Dame"]
[WhiteTeamCountry "GER"]
[BlackTeamCountry "GER"]

1. e4 c5 2. Nc3 Nc6 3. g3 g6 4. d3 Bg7 5. Be3 d6 6. Qd2 Nd4 7. Bg2 e6 8. f4 Ne7 9. Nf3 0-0 10. 0-0 Rb8 11. Rab1 b6 12. Ne2 Nxe2+ 13. Qxe2 Ba6 14. g4 d5 15. e5 d4 16. Bd2 Qc8 17. Ng5 c4 18. Bb4 Qc7 19. Bd6 Qd7 20. Bxb8 Rxb8 21. dxc4 b5 22. c5 Nd5 23. Ne4 Ne3 24. Rf2 Nxg2 25. Rxg2 Qd5 26. b3 g5 27. Nxg5 Bb7 28. Re1 Qxc5 29. Ne4 Qc6 30. Qd3 Rd8 31. b4 Kh8 32. Ree2 Qc4 33. a3 Qa2 34. Rgf2 Qd5 35. h4 Rc8 36. Kh2 f5 37. exf6 Bxf6 38. g5 Bg7 39. Re1 Rf8 40. Kg3 Bc8 41. Ref1 Rf5 42. Kh2 e5 43. Ng3 Rxf4 44. Rxf4 exf4 45. Rxf4 Bb7 46. Qf1 Kg8 47. Nh5 Be5 48. Nf6+ Bxf6 49. Rxf6 Qe5+ 50. Qf4 Qe2+ 51. Qf2 d3 52. cxd3 Qe5+ 53. Rf4 Qd6 54. Qe3 Qc6 55. Rf2 a6 56. d4 Qh1+ 57. Kg3 Qc6 58. Qf4 Qe8 59. Qe5 Qd7 60. d5 Bc8 61. Qe6+ Qxe6 62. dxe6 Bxe6 63. Rf6 Bc4 64. Rxa6 Kg7 65. h5 Bd3 66. Ra7+ Kg8 67. Kf4 h6 68. gxh6 Be2 69. Rb7 Kh8 70. Kg5 Bc4 71. Kf5 Be2 1-0

[Event "Oberliga Nord O 2223"]
[Site "Germany"]
[Date "2023.05.07"]
[Round "9.5"]
[White "Uhl, Heinz"]
[Black "Ketelhoehn, Bernd"]
[Result "1-0"]
[WhiteElo "2129"]
[BlackElo "1918"]
[PlyCount "91"]
[EventDate "2022.10.23"]
[EventType "team-tourn"]
[EventRounds "9"]
[EventCountry "GER"]
[SourceTitle "EXT 2025"]
[Source "ChessBase"]
[SourceDate "2024.10.14"]
[SourceVersion "1"]
[SourceVersionDate "2024.10.14"]
[SourceQuality "1"]
[WhiteTeam "Berlin Weisse Dame"]
[BlackTeam "Frankfurt/O"]
[WhiteTeamCountry "GER"]
[BlackTeamCountry "GER"]

1. c4 e5 2. Nc3 Nc6 3. g3 d6 4. Bg2 g6 5. e3 Bg7 6. Nge2 Nge7 7. 0-0 0-0 8. d3 Be6 9. Nd5 Qd7 10. Rb1 Nd8 11. Qc2 c6 12. Nxe7+ Qxe7 13. Bd2 Rc8 14. Bb4 b5 15. b3 c5 16. Bc3 a6 17. Ba1 b4 18. Rbd1 Nc6 19. h3 a5 20. Kh2 Qc7 21. Rfe1 Ne7 22. d4 Bd7 23. f4 exd4 24. exd4 Nf5 25. Qd2 Bc6 26. Bxc6 Qxc6 27. d5 Qd7 28. Bxg7 Nxg7 29. g4 a4 30. Ng3 Rfe8 31. Ne4 Qd8 32. g5 Nh5 33. bxa4 Ra8 34. Qc2 f5 35. gxf6 Nxf6 36. Ng5 Rxe1 37. Rxe1 Ra7 38. Qe2 Kh8 39. Qb2 h6 40. Re6 hxg5 41. fxg5 Kh7 42. gxf6 Rf7 43. Qf2 Qd7 44. Qh4+ Kg8 45. Qe4 Qxa4 46. Re8+ 1-0

[Event "Oberliga Nord O 2223"]
[Site "Germany"]
[Date "2022.11.06"]
[Round "5.5"]
[White "Uhl, Heinz"]
[Black "Herrmann, Jakob"]
[Result "1-0"]
[WhiteElo "2147"]
[BlackElo "1918"]
[PlyCount "81"]
[EventDate "2022.10.23"]
[EventType "team-tourn"]
[EventRounds "9"]
[EventCountry "GER"]
[SourceTitle "EXT 2025"]
[Source "ChessBase"]
[SourceDate "2024.10.14"]
[SourceVersion "1"]
[SourceVersionDate "2024.10.14"]
[SourceQuality "1"]
[WhiteTeam "Berlin Weisse Dame"]
[BlackTeam "Torgelow Droegeheide"]
[WhiteTeamCountry "GER"]
[BlackTeamCountry "GER"]

1. c4 Nf6 2. Nc3 g6 3. g3 Bg7 4. Bg2 0-0 5. Nf3 d6 6. 0-0 e5 7. Rb1 a5 8. a3 Nc6 9. b4 axb4 10. axb4 h6 11. d3 Be6 12. Nd2 Qc8 13. Nd5 Bh3 14. b5 Bxg2 15. Kxg2 Nxd5 16. cxd5 Ne7 17. Qb3 b6 18. Bb2 Qb7 19. e4 h5 20. Nf3 Bh6 21. Bc1 Bxc1 22. Rfxc1 Ra5 23. Qc3 Ra7 24. Ra1 Rfa8 25. Rxa7 Rxa7 26. Qd2 Kg7 27. d4 f6 28. dxe5 dxe5 29. Qb4 Nc8 30. Nd2 Nd6 31. Nc4 Nf7 32. h4 Qa8 33. Qe7 Qf8 34. Qd7 Qd8 35. Qe6 Ra4 36. d6 Nxd6 37. Nxd6 Qxd6 38. Qc8 Qf8 39. Rxc7+ Kg8 40. Qe6+ Kh8 41. Qd7 1-0

[Event "Oberliga Nord O 2223"]
[Site "Germany"]
[Date "2022.10.23"]
[Round "1.5"]
[White "Uhl, Heinz"]
[Black "Dathe, Frederick"]
[Result "1-0"]
[WhiteElo "2139"]
[BlackElo "2085"]
[PlyCount "55"]
[EventDate "2022.10.23"]
[EventType "team-tourn"]
[EventRounds "9"]
[EventCountry "GER"]
[SourceTitle "EXT 2025"]
[Source "ChessBase"]
[SourceDate "2024.10.14"]
[SourceVersion "1"]
[SourceVersionDate "2024.10.14"]
[SourceQuality "1"]
[WhiteTeam "Berlin Weisse Dame"]
[BlackTeam "Kreuzberg"]
[WhiteTeamCountry "GER"]
[BlackTeamCountry "GER"]

1. c4 c5 2. Nc3 g6 3. g3 Bg7 4. Bg2 Nc6 5. Nf3 e6 6. d4 Nxd4 7. Nxd4 cxd4 8. Nb5 Qb6 9. e3 a6 10. Qa4 Ne7 11. Nxd4 0-0 12. 0-0 Nc6 13. Nxc6 bxc6 14. Rb1 d5 15. Bd2 a5 16. b4 axb4 17. Qxa8 Ba6 18. c5 Rxa8 19. cxb6 Bxf1 20. Bxf1 c5 21. b7 Rb8 22. Ba6 Bf8 23. a3 bxa3 24. Bc1 c4 25. Ra1 Kg7 26. Bxa3 Bxa3 27. Rxa3 Kf6 28. Ra5 1-0

[Event "Oberliga Nord O 1920"]
[Site "Germany"]
[Date "2021.08.15"]
[Round "9.4"]
[White "Uhl, Heinz"]
[Black "Moritz, Hartmut"]
[Result "1-0"]
[WhiteElo "2141"]
[BlackElo "2026"]
[PlyCount "85"]
[EventDate "2019.09.29"]
[EventType "team-tourn"]
[EventRounds "9"]
[EventCountry "GER"]
[SourceTitle "EXT 2023"]
[Source "ChessBase"]
[SourceDate "2022.10.05"]
[SourceVersion "1"]
[SourceVersionDate "2022.10.05"]
[SourceQuality "1"]
[WhiteTeam "Berlin Weisse Dame"]
[BlackTeam "Graal Mueritz"]
[WhiteTeamCountry "GER"]
[BlackTeamCountry "GER"]

1. c4 Nf6 2. Nc3 e5 3. g3 c6 4. Nf3 d6 5. Bg2 Be6 6. b3 Nbd7 7. d4 Qa5 8. Bd2 Qc7 9. Rc1 h6 10. d5 Bg4 11. h3 Bf5 12. g4 Bh7 13. dxc6 bxc6 14. b4 Rb8 15. Nh4 g5 16. Nf5 Bxf5 17. gxf5 Rg8 18. b5 c5 19. Bc6 g4 20. hxg4 Rxg4 21. e4 h5 22. Qf3 Bg7 23. Ke2 Qa5 24. Rxh5 Qa3 25. Rg5 Rxg5 26. Bxg5 Kf8 27. Bxd7 Nxd7 28. Be7+ Ke8 29. Rc2 Bf8 30. Bg5 Nb6 31. Nd5 Qxf3+ 32. Kxf3 Nxd5 33. exd5 Bg7 34. f6 Bh8 35. Ke4 Kd7 36. Rc1 Rg8 37. Kf5 Kc7 38. Rh1 Kd7 39. Rh7 Ke8 40. a4 Bxf6 41. Kxf6 Rg6+ 42. Kf5 Rg8 43. a5 1-0

[Event "DSOL 01 Liga Gr-A 1st"]
[Site "Playchess.com INT"]
[Date "2020.06.24"]
[Round "1.4"]
[White "Dzierzenga, Stefan"]
[Black "Uhl, Heinz"]
[Result "0-1"]
[WhiteElo "2107"]
[BlackElo "2124"]
[PlyCount "66"]
[EventDate "2020.06.22"]
[EventType "team-tourn (rapid)"]
[EventCountry "GER"]
[SourceTitle "EXT 2021"]
[Source "ChessBase"]
[SourceDate "2020.10.23"]
[SourceVersion "1"]
[SourceVersionDate "2020.10.23"]
[SourceQuality "1"]
[WhiteTeam "Koeln Lasker"]
[BlackTeam "Weisse Dame"]
[WhiteTeamCountry "GER"]
[BlackTeamCountry "GER"]

1. e4 c5 2. Nf3 d6 3. d4 cxd4 4. Nxd4 Nf6 5. Nc3 g6 6. Be3 Bg7 7. f3 0-0 8. Qd2 Nc6 9. 0-0-0 d5 10. exd5 Nxd5 11. Nxc6 bxc6 12. Bd4 e5 13. Bc5 Be6 14. Ne4 Rb8 15. c4 Nb6 16. Bxf8 Qxf8 17. Qd6 Nxc4 18. Qxf8+ Kxf8 19. Bxc4 Bxc4 20. b3 Bd5 21. Nc3 Be6 22. Rd6 Rc8 23. Rhd1 Ke7 24. g4 Bd5 25. R6xd5 cxd5 26. Kd2 Ke6 27. Nb5 a6 28. Na3 Bf8 29. Nc2 Bh6+ 30. Kd3 e4+ 31. fxe4 dxe4+ 32. Kxe4 Rxc2 33. Rd8 Rxh2 0-1

[Event "Oberliga Nord O 1920"]
[Site "Germany"]
[Date "2020.01.18"]
[Round "6.4"]
[White "Seils, Joerg"]
[Black "Uhl, Heinz"]
[Result "1-0"]
[WhiteElo "2321"]
[BlackElo "2144"]
[PlyCount "111"]
[EventDate "2019.09.29"]
[EventType "team-tourn"]
[EventRounds "9"]
[EventCountry "GER"]
[SourceTitle "CBM 195 Extra"]
[Source "ChessBase"]
[SourceDate "2020.05.31"]
[SourceVersion "1"]
[SourceVersionDate "2020.05.31"]
[SourceQuality "1"]

1. e4 c5 2. Nf3 d6 3. Bb5+ Nc6 4. 0-0 Bd7 5. Re1 Nf6 6. c3 a6 7. Bf1 Bg4 8. h3 Bxf3 9. Qxf3 g6 10. d3 Bg7 11. Nd2 0-0 12. Qd1 Nd7 13. f4 b5 14. Nf3 b4 15. d4 bxc3 16. bxc3 Qa5 17. Bd2 Qc7 18. d5 Na5 19. Qa4 c4 20. Rab1 Nc5 21. Qc2 f5 22. Ng5 h6 23. Ne6 Nxe6 24. dxe6 fxe4 25. Qxe4 Qc5+ 26. Kh1 Kh7 27. Be2 Qf5 28. Bf3 Rad8 29. Qxf5 Rxf5 30. Rb6 Rb5 31. Rb1 Nb3 32. Rxb5 Nxd2 33. Rb8 Rxb8 34. Rxb8 Nxf3 35. gxf3 Bxc3 36. Rf8 Bd4 37. Rf7+ Kg8 38. Rxe7 c3 39. Rc7 Kf8 40. Rc4 Bf6 41. Rc7 Bd4 42. Rc4 Bf6 43. Kg2 Ke7 44. Kf2 Kxe6 45. Ke2 a5 46. Kd3 Kf5 47. Ra4 h5 48. Rxa5+ Kxf4 49. Rd5 Be7 50. a4 g5 51. a5 Bd8 52. a6 Bb6 53. Rxd6 Ba7 54. Rf6+ Kg3 55. Rf5 h4 56. Kxc3 1-0

[Event "Oberliga Nord O 1920"]
[Site "Germany"]
[Date "2019.10.20"]
[Round "2.3"]
[White "Uhl, Heinz"]
[Black "Walter, Guenter"]
[Result "1-0"]
[WhiteElo "2144"]
[BlackElo "2151"]
[PlyCount "77"]
[EventDate "2019.09.29"]
[EventType "team-tourn"]
[EventRounds "9"]
[EventCountry "GER"]
[SourceTitle "CBM 195 Extra"]
[Source "ChessBase"]
[SourceDate "2020.05.31"]
[SourceVersion "1"]
[SourceVersionDate "2020.05.31"]
[SourceQuality "1"]

1. c4 e5 2. Nc3 Nf6 3. g3 c6 4. Nf3 d6 5. Bg2 Be7 6. d4 Nbd7 7. 0-0 Qc7 8. b4 a5 9. b5 c5 10. dxe5 dxe5 11. Ng5 Nb6 12. f4 0-0 13. Qc2 h6 14. fxe5 hxg5 15. exf6 Bxf6 16. Rxf6 gxf6 17. Ne4 Qe7 18. Qb2 Nd7 19. Bd2 f5 20. Nxg5 Nb6 21. Qc3 f6 22. Nh3 Qe5 23. Qc1 Be6 24. Bc3 Qc7 25. Qh6 Qg7 26. Qe3 Rae8 27. Qxc5 Nxc4 28. Nf4 Bf7 29. Bxb7 Ne3 30. Bc6 Qh6 31. Bxe8 Rxe8 32. Bd4 Ng4 33. h4 Qg7 34. Qxf5 Ne5 35. b6 Nc6 36. Bb2 Rb8 37. Rf1 Rxb6 38. Bxf6 Qh7 39. Qg5+ 1-0

[Event "Oberliga Nord O 1819"]
[Site "Germany"]
[Date "2019.03.24"]
[Round "8.5"]
[White "Uhl, Heinz"]
[Black "Weber, Daniel1"]
[Result "1-0"]
[WhiteElo "2134"]
[BlackElo "2085"]
[PlyCount "113"]
[EventDate "2018.10.21"]
[EventType "team-tourn"]
[EventRounds "9"]
[EventCountry "GER"]
[SourceTitle "EXT 2020"]
[Source "ChessBase"]
[SourceDate "2019.10.17"]
[SourceVersion "1"]
[SourceVersionDate "2019.10.17"]
[SourceQuality "1"]
[WhiteTeam "Berlin Weisse Dame"]
[BlackTeam "Berlin SF III"]
[WhiteTeamCountry "GER"]
[BlackTeamCountry "GER"]

1. c4 Nf6 2. Nc3 g6 3. g3 Bg7 4. Bg2 0-0 5. Nf3 d6 6. 0-0 Nc6 7. Rb1 a5 8. a3 e5 9. b4 axb4 10. axb4 e4 11. Ne1 Ne5 12. Nxe4 Nxe4 13. Bxe4 Nxc4 14. Nc2 d5 15. Bg2 c6 16. b5 Re8 17. Nb4 Qd6 18. bxc6 bxc6 19. d3 Na3 20. Rb3 Nb5 21. Bf4 Qc5 22. Be3 Bd4 23. Qc1 Nc3 24. Kh1 Bxe3 25. fxe3 Rb8 26. Qxc3 Qxc3 27. Rxc3 Rxb4 28. Rxc6 Be6 29. Rd6 Rb2 30. Re1 Bg4 31. Bxd5 Bxe2 32. Rd7 Rxe3 33. Rxf7 Rxd3 34. Rb7+ Rxd5 35. Rxb2 Bf3+ 36. Kg1 Rd1 37. Rxd1 Bxd1 38. Rb7 Bf3 39. Rd7 Bg4 40. Re7 Bf3 41. Kf2 Bd5 42. g4 h6 43. h4 g5 44. hxg5 hxg5 45. Re5 Ba2 46. Rxg5+ Kf7 47. Ra5 Bb1 48. Ra6 Bd3 49. Rb6 Kg7 50. Ke3 Bc2 51. Kf4 Bd1 52. Kg5 Bf3 53. Ra6 Be2 54. Ra7+ Kg8 55. Kf6 Bxg4 56. Rg7+ Kh8 57. Rxg4 1-0

[Event "Oberliga Nord O 1819"]
[Site "Germany"]
[Date "2019.02.24"]
[Round "7.5"]
[White "Stopsack, Malte"]
[Black "Uhl, Heinz"]
[Result "1/2-1/2"]
[WhiteElo "2242"]
[BlackElo "2134"]
[PlyCount "80"]
[EventDate "2018.10.21"]
[EventType "team-tourn"]
[EventRounds "9"]
[EventCountry "GER"]
[SourceTitle "EXT 2020"]
[Source "ChessBase"]
[SourceDate "2019.10.17"]
[SourceVersion "1"]
[SourceVersionDate "2019.10.17"]
[SourceQuality "1"]
[WhiteTeam "Greifswald"]
[BlackTeam "Berlin Weisse Dame"]
[WhiteTeamCountry "GER"]
[BlackTeamCountry "GER"]

1. e4 c5 2. Nf3 d6 3. d4 cxd4 4. Nxd4 Nf6 5. Nc3 g6 6. Be3 Bg7 7. Be2 Nc6 8. h4 0-0 9. h5 d5 10. Nxc6 bxc6 11. e5 Ne4 12. Nxe4 dxe4 13. hxg6 hxg6 14. Bd4 Qc7 15. Qc1 Rd8 16. Bc3 Rd5 17. Bc4 Rc5 18. Bb3 Rxc3 19. bxc3 Qxe5 20. 0-0 Qh5 21. Qf4 Bf5 22. Ba4 Bxc3 23. Rab1 Be6 24. Qh2 Qc5 25. Rb8+ Rxb8 26. Qxb8+ Kg7 27. Qf4 Bf5 28. Bb3 Be5 29. Qd2 Bd4 30. c3 Bxc3 31. Qe2 Bd4 32. g4 Bc8 33. Qxe4 Ba6 34. Qf3 Bxf1 35. Qxf7+ Kh6 36. Qf4+ g5 37. Qf8+ Bg7 38. Qf7 Bf6 39. Qh5+ Kg7 40. Qf7+ Kh6 1/2-1/2

[Event "Oberliga Nord O 1718"]
[Site "Germany"]
[Date "2018.04.15"]
[Round "9.3"]
[White "Giemsa, Stephan"]
[Black "Uhl, Heinz"]
[Result "1-0"]
[WhiteElo "2281"]
[BlackElo "2151"]
[PlyCount "91"]
[EventDate "2017.10.08"]
[EventType "team-tourn"]
[EventRounds "9"]
[EventCountry "GER"]
[SourceTitle "EXT 2019"]
[Source "ChessBase"]
[SourceDate "2018.10.10"]
[SourceVersion "1"]
[SourceVersionDate "2018.10.10"]
[SourceQuality "1"]
[WhiteTeam "Berlin Tegel II"]
[BlackTeam "Berlin Weisse Dame"]
[WhiteTeamCountry "GER"]
[BlackTeamCountry "GER"]

1. d4 Nf6 2. c4 e6 3. g3 c5 4. d5 exd5 5. cxd5 d6 6. Nc3 g6 7. Bg2 Bg7 8. Nf3 0-0 9. 0-0 a6 10. a4 Nbd7 11. Nd2 Qc7 12. Nc4 Nb6 13. Na3 Bd7 14. a5 Nc8 15. Nc4 Ng4 16. h3 Ne5 17. Nxe5 Bxe5 18. Bh6 Re8 19. Kh2 Bb5 20. Re1 Ne7 21. e4 f6 22. Be3 f5 23. f4 Bxc3 24. bxc3 fxe4 25. Bxe4 h5 26. g4 hxg4 27. hxg4 Nf5 28. Bf2 Qh7+ 29. Kg1 Nh6 30. Bf3 Qf7 31. Qd2 Kg7 32. Be3 Rh8 33. c4 Bd7 34. Qb2+ Kg8 35. Qg2 Re8 36. Qg3 Qg7 37. Rac1 Qb2 38. Bf2 Kf7 39. f5 gxf5 40. Qxd6 Ba4 41. Rb1 Rxe1+ 42. Rxe1 Qf6 43. Re6 Qg5 44. Be3 Qh4 45. Qc7+ Kg8 46. Rg6+ 1-0

[Event "Oberliga Nord O 1718"]
[Site "Germany"]
[Date "2017.10.08"]
[Round "1.3"]
[White "Uhl, Heinz"]
[Black "Urban, Julian"]
[Result "1/2-1/2"]
[WhiteElo "2151"]
[BlackElo "2249"]
[PlyCount "134"]
[EventDate "2017.10.08"]
[EventType "team-tourn"]
[EventRounds "9"]
[EventCountry "GER"]
[SourceTitle "EXT 2019"]
[Source "ChessBase"]
[SourceDate "2018.10.10"]
[SourceVersion "1"]
[SourceVersionDate "2018.10.10"]
[SourceQuality "1"]
[WhiteTeam "Berlin Weisse Dame"]
[BlackTeam "Berlin Empor"]
[WhiteTeamCountry "GER"]
[BlackTeamCountry "GER"]

1. c4 b6 2. Nc3 Bb7 3. e4 e6 4. Be2 Bb4 5. Bf3 Ne7 6. Qb3 Nbc6 7. Nce2 a5 8. a3 a4 9. Qe3 Ba5 10. Nc3 Ne5 11. Be2 0-0 12. f4 Bxc3 13. bxc3 N5g6 14. Nf3 f5 15. e5 Ra5 16. 0-0 Qa8 17. Ne1 Nh8 18. Rb1 Nf7 19. Bf3 Bc6 20. Nd3 g5 21. fxg5 Ng6 22. Rb5 Rxb5 23. cxb5 Bxf3 24. Rxf3 Qd5 25. Nf4 Qxb5 26. d4 Nxf4 27. Qxf4 Nh8 28. h4 Ng6 29. Qg3 Qb1 30. Rf1 Qe4 31. h5 f4 32. Qf3 Qxf3 33. Rxf3 Ne7 34. Bxf4 Nd5 35. g3 b5 36. Kg2 c6 37. Kh3 Rf5 38. Kg4 Kg7 39. Rd3 Rf7 40. Rf3 Rf5 41. Bd2 Rxf3 42. Kxf3 Kf7 43. Kg4 Ne7 44. Kh4 Nf5+ 45. Kh3 Ne7 46. g4 Nd5 47. Kh4 Nb6 48. g6+ hxg6 49. h6 Nc4 50. Bc1 d6 51. exd6 Nxd6 52. Bf4 Ne4 53. Bc7 Nxc3 54. Kg5 Ne4+ 55. Kf4 Nf6 56. Be5 b4 57. axb4 a3 58. d5 exd5 59. Ba1 Nh7 60. Ke5 Ke7 61. Bd4 a2 62. Ba1 Nf8 63. Kf4 Ne6+ 64. Kg3 Ng5 65. Kf4 Nh7 66. Ke5 Ng5 67. Kf4 Nh7 1/2-1/2

[Event "Oberliga Nord O 1516"]
[Site "Germany"]
[Date "2015.10.11"]
[Round "2.5"]
[White "Lehmann, Alexander"]
[Black "Uhl, Heinz"]
[Result "1/2-1/2"]
[WhiteElo "2001"]
[BlackElo "2143"]
[PlyCount "168"]
[EventDate "2015.09.20"]
[EventType "team-tourn"]
[EventRounds "9"]
[EventCountry "GER"]
[SourceTitle "CBM 170 Extra"]
[Source "ChessBase"]
[SourceDate "2016.02.25"]
[SourceVersion "1"]
[SourceVersionDate "2016.02.25"]
[SourceQuality "1"]
[WhiteTeam "Cottbus Lokomotive"]
[BlackTeam "Weisse Dame"]
[WhiteTeamCountry "GER"]
[BlackTeamCountry "GER"]

1. e4 c5 2. c3 Nf6 3. e5 Nd5 4. d4 cxd4 5. Nf3 Nc6 6. Bc4 Nb6 7. Bb3 d6 8. exd6 e6 9. Nxd4 Nxd4 10. Qxd4 Qxd6 11. Qxd6 Bxd6 12. Nd2 Bd7 13. Nc4 Nxc4 14. Bxc4 0-0 15. Be3 Be5 16. 0-0 Ba4 17. Rac1 a5 18. Be2 Rfd8 19. Bf3 Rd7 20. Rfe1 Bf6 21. Kf1 Kf8 22. Ke2 Bb5+ 23. c4 Bc6 24. Bxc6 bxc6 25. Bc5+ Ke8 26. b3 a4 27. b4 Rb7 28. Rb1 a3 29. Rb3 Bb2 30. Rd1 Rd8 31. Rbd3 Rxd3 32. Rxd3 e5 33. Rb3 Kd7 34. Kd3 Ke6 35. Kc2 Rd7 36. Be3 f5 37. Bc1 Rd4 38. Bxb2 axb2 39. Rxb2 Rxc4+ 40. Kb3 Rd4 41. Kc3 Kd5 42. b5 Rc4+ 43. Kd2 cxb5 44. Rxb5+ Kd4 45. Rb3 Ra4 46. Rd3+ Ke4 47. a3 h5 48. Re3+ Kf4 49. Rb3 e4 50. h3 h4 51. Ke2 Ra5 52. f3 Rc5 53. Rb2 exf3+ 54. Kf2 fxg2 55. Kxg2 Rc4 56. Ra2 Ra4 57. Rf2+ Ke5 58. Ra2 g6 59. Kf3 g5 60. Re2+ Kd5 61. Ra2 Kc5 62. Rc2+ Rc4 63. Re2 Rc3+ 64. Kg2 Rg3+ 65. Kh2 Rf3 66. Rg2 Rxa3 67. Rxg5 Rf3 68. Kg2 Rf4 69. Rg8 Kd5 70. Re8 Re4 71. Rd8+ Ke6 72. Kf3 Ra4 73. Re8+ Kf7 74. Rb8 Re4 75. Rh8 Kg7 76. Ra8 Rb4 77. Rc8 Rd4 78. Ra8 Re4 79. Rc8 Kf6 80. Rf8+ Ke5 81. Re8+ Kd4 82. Rd8+ Ke5 83. Re8+ Kd6 84. Rxe4 fxe4+ 1/2-1/2

[Event "Oberliga Nord O 0910"]
[Site "Germany"]
[Date "2010.02.07"]
[Round "6.8"]
[White "Maxion, Dirk"]
[Black "Uhl, Heinz"]
[Result "1-0"]
[WhiteElo "2210"]
[BlackElo "2157"]
[PlyCount "83"]
[EventDate "2009.10.18"]
[EventType "team-tourn"]
[EventRounds "9"]
[EventCountry "GER"]
[SourceTitle "EXT 2011"]
[Source "ChessBase"]
[SourceDate "2010.11.26"]
[SourceVersion "1"]
[SourceVersionDate "2010.11.26"]
[SourceQuality "1"]
[WhiteTeam "Koenig Tegel"]
[BlackTeam "Weisse Dame"]
[WhiteTeamCountry "GER"]
[BlackTeamCountry "GER"]

1. e4 c5 2. Nf3 d6 3. d4 cxd4 4. Nxd4 Nf6 5. Nc3 g6 6. Bc4 Bg7 7. h3 0-0 8. Bb3 b5 9. Ndxb5 Bb7 10. Qe2 Nbd7 11. 0-0 Nc5 12. Bd5 Nxd5 13. exd5 a6 14. Na3 Bxc3 15. bxc3 Bxd5 16. Bh6 Re8 17. Nc4 Rb8 18. Rad1 Ba8 19. Rd4 Qc8 20. Re1 Qc6 21. f3 Ne6 22. Re4 Qc5+ 23. Be3 Qb5 24. a4 Qd7 25. Rh4 Qxa4 26. Qf2 Qb5 27. Nb6 Bc6 28. Rb4 Qa5 29. Qf1 Bb5 30. Qf2 Ng7 31. Nd5 Qd8 32. Bb6 Qd7 33. Rxe7 Qf5 34. Qd4 Ne6 35. Rxe8+ Rxe8 36. Nf6+ Kf8 37. Qxd6+ Re7 38. Nd5 Kg7 39. Nxe7 Qxc2 40. Nd5 Qc1+ 41. Kh2 Ng5 42. Qe5+ 1-0

[Event "Oberliga Nord O 0506"]
[Site "Germany"]
[Date "2006.01.29"]
[Round "6.5"]
[White "Uhl, Heinz"]
[Black "Mielke, Sven"]
[Result "1-0"]
[WhiteElo "2144"]
[BlackElo "2144"]
[PlyCount "95"]
[EventDate "2005.10.23"]
[EventType "team-tourn"]
[EventRounds "9"]
[EventCountry "GER"]
[SourceTitle "EXT 2007"]
[Source "ChessBase"]
[SourceDate "2006.11.23"]
[SourceVersion "1"]
[SourceVersionDate "2006.11.23"]
[SourceQuality "1"]
[WhiteTeam "Weisse Dame"]
[BlackTeam "Berlin Empor"]
[WhiteTeamCountry "GER"]
[BlackTeamCountry "GER"]

1. c4 e6 2. Nc3 d5 3. cxd5 exd5 4. d4 Nf6 5. Bg5 Be7 6. Nf3 c6 7. e3 Nbd7 8. Bd3 h6 9. Bh4 Ne4 10. Bxe4 Bxh4 11. Nxh4 Qxh4 12. Bd3 0-0 13. Qf3 Re8 14. Ne2 Nf8 15. Qg3 Qf6 16. 0-0 Bf5 17. Nf4 Bxd3 18. Nxd3 Qg6 19. Qxg6 Nxg6 20. b4 f5 21. g3 Nh8 22. Rab1 a6 23. a4 Nf7 24. b5 cxb5 25. axb5 Nd6 26. bxa6 bxa6 27. Nf4 Ne4 28. Rb7 Reb8 29. Rxb8+ Rxb8 30. Ra1 Rb5 31. Rxa6 g5 32. Nd3 Rb1+ 33. Kg2 Rd1 34. Nc5 Nd2 35. h3 Kg7 36. g4 f4 37. exf4 gxf4 38. Ne6+ Kh7 39. Nxf4 Ne4 40. Ra7+ Kg8 41. Nxd5 Rxd4 42. Ne7+ Kf8 43. Nf5 Rd2 44. Ra8+ Kf7 45. Nxh6+ Kg6 46. Ra6+ Kg5 47. Kf3 Nd6 48. Rxd6 1-0

[Event "Oberliga Nord O 0506"]
[Site "Germany"]
[Date "2006.01.15"]
[Round "5.5"]
[White "Escher, Clemens"]
[Black "Uhl, Heinz"]
[Result "1-0"]
[WhiteElo "2181"]
[BlackElo "2144"]
[PlyCount "79"]
[EventDate "2005.10.23"]
[EventType "team-tourn"]
[EventRounds "9"]
[EventCountry "GER"]
[SourceTitle "EXT 2007"]
[Source "ChessBase"]
[SourceDate "2006.11.23"]
[SourceVersion "1"]
[SourceVersionDate "2006.11.23"]
[SourceQuality "1"]
[WhiteTeam "Lasker Steglitz"]
[BlackTeam "Weisse Dame"]
[WhiteTeamCountry "GER"]
[BlackTeamCountry "GER"]

1. d4 Nf6 2. Nf3 c5 3. d5 e6 4. Nc3 d6 5. e4 Be7 6. Bb5+ Bd7 7. dxe6 Bxb5 8. exf7+ Kd7 9. Nxb5 Qa5+ 10. Nc3 Nxe4 11. Qd5 Nxc3 12. Qxb7+ Qc7 13. Qxc7+ Kxc7 14. bxc3 Bf6 15. Rb1 Bxc3+ 16. Bd2 Bf6 17. Ke2 Nc6 18. Rhd1 Rhf8 19. Bf4 Rad8 20. Rb5 Nd4+ 21. Nxd4 Bxd4 22. c3 Kc6 23. Ra5 Kb6 24. Ra3 Bxf2 25. Kxf2 Rxf7 26. Kg3 d5 27. Rb1+ Kc6 28. Ra6+ Kd7 29. Rd6+ Kc8 30. Rxd8+ Kxd8 31. Rb8+ Kd7 32. Rb7+ Ke6 33. Rxf7 Kxf7 34. Be3 d4 35. cxd4 cxd4 36. Bxd4 a6 37. Kf4 g6 38. Ke4 Ke6 39. Be5 h6 40. a3 1-0

[Event "Oberliga Nord O 0506"]
[Site "Germany"]
[Date "2005.12.11"]
[Round "4.4"]
[White "Thormann, Wolfgang"]
[Black "Uhl, Heinz"]
[Result "1-0"]
[WhiteElo "2264"]
[BlackElo "2144"]
[PlyCount "47"]
[EventDate "2005.10.23"]
[EventType "team-tourn"]
[EventRounds "9"]
[EventCountry "GER"]
[SourceTitle "EXT 2007"]
[Source "ChessBase"]
[SourceDate "2006.11.23"]
[SourceVersion "1"]
[SourceVersionDate "2006.11.23"]
[SourceQuality "1"]
[WhiteTeam "Friesen Lichtenberg"]
[BlackTeam "Weisse Dame"]
[WhiteTeamCountry "GER"]
[BlackTeamCountry "GER"]

1. d4 Nf6 2. Nf3 c5 3. c3 e6 4. Bg5 d5 5. e3 b6 6. Ne5 Be7 7. Bb5+ Bd7 8. Bd3 0-0 9. Nd2 Nc6 10. Qf3 h6 11. Bf4 Nh7 12. g4 cxd4 13. exd4 Ng5 14. Qg2 Nxe5 15. Bxe5 f6 16. Bg3 Nf7 17. h4 Re8 18. Ba6 e5 19. g5 exd4 20. gxh6 g5 21. hxg5 fxg5 22. Qxd5 Bc6 23. Qf5 Kh8 24. Bd3 1-0